Bernard Werber - Statistiques

Statistiques générales
  • Ce quiz a été pris 170 fois
  • Le résultat moyen est 4 sur 12
Statistiques - réponses
Indice Réponse % Correct
Trilogie basée sur des petits insectes sociaux Les Fourmis
99%
Nom de l'Encyclopédie qu'il a rédigé Encyclopédie du savoir relatif et absolu
56%
Titres des romans de la trilogie du Cycle des dieux Nous les Dieux
44%
Animal symbole du peuple dirigé par le héros dans le Cycle des Dieux Dauphin
37%
Entomologiste (fictif) ayant étudié ces insectes et apparaissant à diverses reprises dans les livres de Werber Edmond Wells
31%
Le souffle des dieux
26%
Leitmotiv du roman Le Papillon des étoiles: "Le dernier espoir c'est la ..." fuite
25%
Essai dans lequel le livre s'adresse directement au lecteur Le Livre du voyage
24%
Le Mystère des dieux
22%
Personnage principal du Cycle des anges et du Cycle des dieux Michael Pinson
20%
Don de l'héroïne du Miroir de Cassandre Voir le futur
8%
Long métrage écrit et réalisé par Bernard Werber Nos amis les Terriens
7%
Aucun quiz correspondant
Distribution des résultats
% des personnes avec chaque résultat
Percentile par nombre de réponses
Votre historique - résultats
Vous n’avez pas pris ce quiz